000 00479pam a2200157a 44500
008 230515b2013 xxu||||| |||| 00| 0 eng d
020 _aNULL
041 _aENGLISH
082 _a1
100 _aTIMSI SHRIVASTAV
245 _aTO STUDY THE EFFECT OF SHALABA SANA & BHUJANGASANA FOR KATISHOOL IN TWO WHEELERS USER.
250 _a1
260 _a
_bN.D.
_c2013
300 _a500
650 _aTO STUDY THE EFFECT OF SHALABA SANA & BHUJANGASANA FOR KATISHOOL IN TWO WHEELERS USER.
999 _c498547
_d498547